Personnalités au hasard #9 - Statistiques

Statistiques générales
  • Ce quiz a été pris 441 fois
    439 depuis la dernière actualisation
  • Le résultat moyen est 12 sur 32
Statistiques - réponses
Par images Réponse % Correct
Angèle
89%
Stéphane Plaza
88%
Kim Jong-un
83%
Abraham Lincoln
74%
Jennifer Lopez
69%
Ludwig van Beethoven
60%
Ary Abittan
53%
Jean-Paul Belmondo
53%
Arnold Schwarzenegger
52%
Mère Teresa
52%
Simone Biles
49%
Hakim Jemili
46%
Adrien Quatennens
38%
Clara Morgane
38%
Barbara Pravi
36%
Élodie Poux
36%
Amandine Petit
33%
Vincent Desagnat
30%
Brigitte Lecordier
29%
Isabelle Morini-Bosc
29%
Salma Hayek
28%
Xavier Niel
25%
Louis Tomlinson
23%
Valérie Bègue
22%
Javier Milei
21%
Nathalie Baye
21%
Keiona
17%
Julia Vignali
15%
Julie Pietri
15%
Leonard Cohen
9%
Wendy Williams
8%
Alain Poher
3%
Aucun quiz correspondant
Distribution des résultats
% des personnes avec chaque résultat
Percentile par nombre de réponses
Votre historique - résultats
Vous n’avez pas pris ce quiz depuis la dernière actualisation